Littérature
Guardat en:
| Autor principal: | |
|---|---|
| Format: | Llibre |
| Idioma: | francès |
| Publicat: |
París
Bernard Grasset
1943
|
| Matèries: | |
| Etiquetes: |
Afegir etiqueta
Sense etiquetes, Sigues el primer a etiquetar aquest registre!
|
MARC
| LEADER | 00000nam a2200000 a 4500 | ||
|---|---|---|---|
| 001 | UCZ9105 | ||
| 003 | CL-VaPUC | ||
| 008 | 960301e19430000FR |||||||||||||||||fre|d | ||
| 082 | 0 | 4 | |a 840.9 |b GIR |2 21 |
| 100 | |a Giraudoux, Jean |e author |9 354312 | ||
| 245 | 1 | 0 | |a Littérature |
| 300 | |a 268 p | ||
| 942 | |c BK | ||
| 945 | |d 19960301 00:00:00 |a rleighto | ||
| 260 | |a París |b Bernard Grasset |c 1943 | ||
| 600 | 0 | 7 | |a RACINE, JEAN BAPTISTE |2 CL-VaPUC |9 319267 |
| 600 | 0 | 7 | |a CLAUDEL, PAUL |2 CL-VaPUC |9 333185 |
| 650 | 0 | |a Literatura francesa |9 266330 | |
| 650 | 0 | |a Poesía francesa |9 264947 | |
| 650 | 7 | |a SATIRA FRANCESA |2 CL-VaPUC |9 354313 | |
| 650 | 0 | |a Drama francés |9 313202 | |
| 583 | |a last modification |c 19960301 00:00:00 |k Rodrigo Vera | ||
| 999 | |c 244688 |d 244686 | ||
| 952 | |0 0 |1 0 |4 0 |6 840_900000000000000_GIR_1943 |7 0 |8 A |9 258849 |a BIBEDU |b BIBEDU |d 2019-11-19 |i 3174891 |o 840.9 GIR 1943 |p 3174891 |r 2019-11-19 |w 2019-11-19 |y BK |k LIT | ||